Tvorba cien, náklady, kalkulácie

Pojem náklady - peňažné vyjadrenie spotreby prostriedkov a práce na určitú činnosť. Priame a nepriame náklady. Kalkulačný vzorec. Príklady kalkulácií ceny výrobkov. Vplyvy, ktoré pôsobia na cenovú tvorbu a v konečnom dôsledku aj na výšku ceny.

Salvato in:
Dettagli Bibliografici
Autore principale: Kašiar, Ján
Natura: Capitolo di libro
Lingua:slovacco
Soggetti:
Tags: Aggiungi Tag
Nessun Tag, puoi essere il primo ad aggiungerne!!

MARC

LEADER 00000naa$a2200000$$$4500
001 0078991
005 20231120082339.9
041 0 |a slo 
044 |a SK 
245 1 0 |a Tvorba cien, náklady, kalkulácie  |c Ján Kašiar 
520 |a Pojem náklady - peňažné vyjadrenie spotreby prostriedkov a práce na určitú činnosť. Priame a nepriame náklady. Kalkulačný vzorec. Príklady kalkulácií ceny výrobkov. Vplyvy, ktoré pôsobia na cenovú tvorbu a v konečnom dôsledku aj na výšku ceny. 
610 2 0 |a náklady 
610 2 0 |a náklady a ceny 
610 2 0 |a tvorba cien 
610 2 0 |a vzorce kalkulačné 
100 1 |a Kašiar, Ján